| 000 | 00598nab#a2200205#c#4500 | ||
|---|---|---|---|
| 999 |
_c53358 _d53358 |
||
| 003 | IEF | ||
| 005 | 20191203175659.0 | ||
| 008 | 950704s1976 uuu|| #####0 b| |u | ||
| 040 |
_aIEF _cES-MaIEF |
||
| 100 | 1 |
_aCampo Sáinz de Rozas, Julián _98679 |
|
| 245 |
_aLa financiación de la empresa pública _bcriterios y objetivos _c Julián Campo Sainz de Rozas |
||
| 260 | _c1976 | ||
| 500 | _aBibliografía | ||
| 650 | 4 |
_aEMPRESAS PUBLICAS _943602 |
|
| 650 | 4 |
_aFINANCIACION _944260 |
|
| 773 | 0 |
_tHacienda pública española _w34570 _g41, p. 19-37 |
|
| 942 | _2udc | ||
| 942 | _2udc | ||